Statystyki dla Rozpoznaj kraj po stolicy - dla Kolegia Ignacego

Kliknij tutaj aby rozwiązać quiz!

Ogólne statystyki

  • Ten quiz został rozwiązany 774 razy
  • Średni wynik to 11 z 15

Statystyki odpowiedzi

StolicaPaństwo% Poprawnych
HelsinkiFinlandia
96%
BukaresztRumunia
95%
BernoSzwajcaria
95%
AlgierAlgieria
91%
OttawaKanada
91%
SeulKorea południowa
88%
NikozjaCypr
86%
VaduzLiechtenstein
82%
BangkokTajlandia
80%
DakarSenegal
65%
Nur-SułtanKazachstan
61%
DohaKatar
59%
QuitoEkwador
56%
TaszkientUzbekistan
48%
DodomaTanzania
27%

Rozkład punktacji

Percentyl według liczby udzielonych odpowiedzi

Procent ludzi z każdym wynikiem

Twoja historia wyników

Nie rozwiązałeś tego quizu